MARC

LEADER 00000nam0a2200000 4500
001 149272
005 20231031145809.0
010 |a 5744201467 
035 |a (RuTPU)RU\TPU\book\161818 
090 |a 149272 
100 |a 20081213d1991 m y0rusy50 ca 
101 0 |a rus 
102 |a RU 
105 |a a z 001zy 
200 1 |a Комплексные геокринологические исследования Чукотки  |e сборник статей  |f Северо-восточный комплексный научно-исследовательский институт ; под ред. М. И. Тишина 
210 |a Магадан  |c СВКНИИ ДВО АН СССР  |d 1991 
215 |a 148 с.  |c ил. 
320 |a Библиогр. в конце ст. 
610 1 |a вечная мерзлота 
610 1 |a Чукотский полуостров 
610 1 |a геокриологические исследования 
610 1 |a геокриология 
610 1 |a состав 
610 1 |a природные процессы 
610 1 |a температурный режим 
610 1 |a окружающая среда 
610 1 |a воздействие 
675 |a 551.345  |v 3 
702 1 |a Тишин  |b М. И.  |4 340 
712 0 2 |a Академия наук СССР (АН СССР)  |b Дальневосточное отделение (ДВО)  |b Северо-Восточный комплексный научно-исследовательский институт (СВКНИИ)  |c (Магадан)  |2 stltpush  |3 (RuTPU)RU\TPU\col\12547 
801 1 |a RU  |b 63413507  |c 20081213  |g PSBO 
801 2 |a RU  |b 63413507  |c 20100312  |g PSBO 
942 |c BK